Text book of hydraulic machines (Record no. 10732)

000 -LEADER
fixed length control field 00441nam a22001817a 4500
001 - CONTROL NUMBER
control field 10732
003 - CONTROL NUMBER IDENTIFIER
control field BD-DhUET
008 - FIXED-LENGTH DATA ELEMENTS--GENERAL INFORMATION
fixed length control field 150209b xxu||||| |||| 00| 0 eng d
040 ## - CATALOGING SOURCE
Transcribing agency 0
Modifying agency BD-DhUET
082 ## - DEWEY DECIMAL CLASSIFICATION NUMBER
Classification number 621.2
Item number KHU/1985
100 ## - MAIN ENTRY--PERSONAL NAME
Personal name Khurmi, R. S.
245 ## - TITLE STATEMENT
Title Text book of hydraulic machines
250 ## - EDITION STATEMENT
Edition statement 14th ed.
260 ## - PUBLICATION, DISTRIBUTION, ETC. (IMPRINT)
Place of publication, distribution, etc. New Delhi
Name of publisher, distributor, etc. S. Chand
Date of publication, distribution, etc. 1985
300 ## - PHYSICAL DESCRIPTION
Extent vii, v.p.
Other physical details ill.
650 #0 - SUBJECT ADDED ENTRY--TOPICAL TERM
Topical term or geographic name as entry element Hydraulic Machines
942 ## - ADDED ENTRY ELEMENTS (KOHA)
Koha item type General Book
Holdings
Damaged status Not for loan Shelving location Koha full call number Koha normalized classification for sorting Sublocation or collection (holding branch) Lost status Koha item type Source of classification or shelving scheme Koha date last seen Withdrawn status Price effective from Location (home branch) Copy number Date acquired Piece designation (barcode)
  Circulation section621.2/KHU/1985621_200000000000000_KHU_1985Central Library, BUET General Book 2015-02-09 2015-02-09Central Library, BUET12015-02-0964129
  Circulation section621.2/KHU/1985621_200000000000000_KHU_1985Central Library, BUET General Book 2015-02-09 2015-02-09Central Library, BUET22015-02-0964154
  Circulation section621.2/KHU/1985621_200000000000000_KHU_1985Central Library, BUET General Book 2015-02-09 2015-02-09Central Library, BUET32015-02-0964142
  Circulation section621.2/KHU/1985621_200000000000000_KHU_1985Central Library, BUET General Book 2015-02-09 2015-02-09Central Library, BUET42015-02-0956685
  Circulation section621.2/KHU/1985621_200000000000000_KHU_1985Central Library, BUET General Book 2015-06-22 2015-02-09Central Library, BUET52015-02-0964155
  Circulation section621.2/KHU/1985621_200000000000000_KHU_1985Central Library, BUET General Book 2015-02-09 2015-02-09Central Library, BUET62015-02-0964132
  Circulation section621.2/KHU/1985621_200000000000000_KHU_1985Central Library, BUET General Book 2015-02-09 2015-02-09Central Library, BUET72015-02-0964136
  Circulation section621.2/KHU/1985621_200000000000000_KHU_1985Central Library, BUET General Book 2015-02-09 2015-02-09Central Library, BUET82015-02-0964153
  Circulation section621.2/KHU/1985621_200000000000000_KHU_1985Central Library, BUET General Book 2015-02-09 2015-02-09Central Library, BUET92015-02-0964134
  Circulation section621.2/KHU/1985621_200000000000000_KHU_1985Central Library, BUET General Book 2015-02-09 2015-02-09Central Library, BUET102015-02-0964150
  Circulation section621.2/KHU/1985621_200000000000000_KHU_1985Central Library, BUET General Book 2015-02-09 2015-02-09Central Library, BUET112015-02-0964137
  Circulation section621.2/KHU/1985621_200000000000000_KHU_1985Central Library, BUET General Book 2015-02-09 2015-02-09Central Library, BUET122015-02-0964139